000
00321nam a22001337a 4500
008
170929b xxu||||| |||| 00| 0 eng d
020
_a
2900205410599
041
_a
eng
080
_a
37
100
_a
47
101
_a
EDU
245
_a
TEACHING LEARNES OF ENGLISH MAINSTREAM CLLASROOM
_c
LEVINE/L
942
_2
udc
_c
BK
999
_c
30643
_d
30643